| 000 | 00595nam a2200181Ia 4500 | ||
|---|---|---|---|
| 008 | 140224s9999 xx 000 0 und d | ||
| 020 | _a9780753408049 | ||
| 050 |
_aQH 541.5.D4 _b.G34 2006 |
||
| 100 | _aGaff, Jackie | ||
| 245 | 4 |
_aThe Sahara is cold at night : _band other questions about deserts / _cJackie Gaff. |
|
| 260 |
_aLondon : _bKingfisher Publications Plc, _cc2006. |
||
| 300 |
_a32 p : _bcol. ill. ; _c29 cm. |
||
| 440 | _aI wonder why. | ||
| 650 |
_aDesert ecology _xSahara -- Juvenile literature. |
||
| 650 |
_aDeserts _xJuvenile literature. |
||
| 942 | _cBK | ||
| 999 |
_c42370 _d42370 |
||